Derechos humanos : textos internacionales /

Kaydedildi:
Detaylı Bibliyografya
Yazar: Sánchez Rodríguez, Luis Ignacio (ed.)
Diğer Yazarlar: González Vega, Javier A. (edición) (edición)
Materyal Türü: Kitap
Dil:İspanyolca
Baskı/Yayın Bilgisi: Madrid, España : Tecnos, 2001, c2001
Edisyon:4a edición
Seri Bilgileri:(Biblioteca de Textos Legales ; 78)
Konular:
Etiketler: Etiketle
Etiket eklenmemiş, İlk siz ekleyin!

MARC

LEADER 00000nam^a2200000^a^4500
001 000138885
005 20250521000000.0
009 20260310095443.262
020 |a 84-309-3629-7 
037 |a Acervo ITESO - Biblioteca 
041 |a ESP 
082 |a 323.  |b SAN 
100 |a Sánchez Rodríguez, Luis Ignacio  |e (ed.) 
245 1 0 |a Derechos humanos :  |b textos internacionales /  |c Ed. de L.I. Sánchez Rodríguez, J.A. González Vega. 
250 |a 4a edición 
264 4 |a Madrid, España :  |b Tecnos,  |c 2001, c2001 
300 |a 671 p. 
336 |a texto  |b txt  |2 rdacontenido 
337 |a sin mediación  |b n  |2 rdamedio 
338 |a volumen  |b nc  |2 rdasoporte 
440 1 |a (Biblioteca de Textos Legales ;  |v 78) 
649 |a XX 
650 |a Tratados Internacionales 
650 |a Derechos Humanos 
650 |a Derechos Civiles 
650 |a Derecho Internacional 
650 |a Derecho Constitucional 
650 |a Derecho Civil -  |z España 
650 |a Derecho Civil 
700 |a González Vega, Javier A.  |e (edición) 
910 |a Fondo General 
920 |a Impresos - Libros 
930 |a Colección General 
905 |a 101 
901 |a 0500067008  |b IT1  |c ACC  |u 20250521 
902 |a https://opac.biblio.iteso.mx/vufind/Record/000138885